|
|
|
|
| LEADER |
00000cam a22000004a 4500 |
| 001 |
musev2_26439 |
| 003 |
MdBmJHUP |
| 005 |
20230905042815.0 |
| 006 |
m o d |
| 007 |
cr||||||||nn|n |
| 008 |
061220s2004 ilu o 00 0 eng d |
| 010 |
|
|
|z 2003023972
|
| 020 |
|
|
|a 9780809387458
|
| 020 |
|
|
|z 9780809327669
|
| 020 |
|
|
|z 9780809325665
|
| 035 |
|
|
|a (OCoLC)77126498
|
| 040 |
|
|
|a MdBmJHUP
|c MdBmJHUP
|
| 100 |
1 |
|
|a Roberts-Miller, Patricia,
|d 1959-
|
| 245 |
1 |
0 |
|a Deliberate Conflict :
|b Argument, Political Theory, and Composition Classes /
|c Patricia Roberts-Miller.
|
| 264 |
|
1 |
|a Carbondale :
|b Southern Illinois University Press,
|c 2004.
|
| 264 |
|
3 |
|a Baltimore, Md. :
|b Project MUSE,
|c 2014
|
| 264 |
|
4 |
|c ©2004.
|
| 300 |
|
|
|a 1 online resource (277 pages).
|
| 336 |
|
|
|a text
|b txt
|2 rdacontent
|
| 337 |
|
|
|a computer
|b c
|2 rdamedia
|
| 338 |
|
|
|a online resource
|b cr
|2 rdacarrier
|
| 505 |
0 |
0 |
|t Preface --
|t Introduction --
|g 1.
|t Politics without argument --
|g 2.
|t Autonomous selves, liberally educated --
|g 3.
|t Closing my eyes as you speak --
|g 4.
|t What angels of our nature? communitarianism, social constructivism, and communities of discourse --
|g 5.
|t Listening for difference --
|t Conclusion --
|t Notes --
|t Works cited --
|t Index.
|
| 546 |
|
|
|a English.
|
| 588 |
|
|
|a Description based on print version record.
|
| 650 |
|
7 |
|a Report writing
|x Study and teaching (Higher)
|2 fast
|0 (OCoLC)fst01094861
|
| 650 |
|
7 |
|a Political science
|x Study and teaching
|2 fast
|0 (OCoLC)fst01069831
|
| 650 |
|
7 |
|a Persuasion (Rhetoric)
|x Study and teaching
|2 fast
|0 (OCoLC)fst01058900
|
| 650 |
|
7 |
|a English language
|x Rhetoric
|x Study and teaching
|2 fast
|0 (OCoLC)fst00911595
|
| 650 |
|
7 |
|a LANGUAGE ARTS & DISCIPLINES
|x Composition & Creative Writing.
|2 bisacsh
|
| 650 |
|
7 |
|a REFERENCE
|x Writing Skills.
|2 bisacsh
|
| 650 |
|
7 |
|a LANGUAGE ARTS & DISCIPLINES
|x Rhetoric.
|2 bisacsh
|
| 650 |
|
6 |
|a Discours politique
|x Étude et enseignement.
|
| 650 |
|
0 |
|a Political science
|x Study and teaching.
|
| 650 |
|
0 |
|a Persuasion (Rhetoric)
|x Study and teaching.
|
| 650 |
|
0 |
|a Report writing
|x Study and teaching (Higher)
|
| 650 |
|
0 |
|a Rhetoric
|x Political aspects
|x Study and teaching.
|
| 650 |
|
0 |
|a English language
|x Rhetoric
|x Study and teaching.
|
| 655 |
|
7 |
|a Electronic books.
|2 local
|
| 710 |
2 |
|
|a Project Muse.
|e distributor
|
| 830 |
|
0 |
|a Book collections on Project MUSE.
|
| 856 |
4 |
0 |
|z Texto completo
|u https://projectmuse.uam.elogim.com/book/26439/
|
| 945 |
|
|
|a Project MUSE - Custom Collection
|
| 945 |
|
|
|a Project MUSE - Archive Complete Supplement II
|
| 945 |
|
|
|a Project MUSE - Archive Higher Education Supplement II
|